000 00298nam a2200133Ia 4500
100 _aAtthreya/N.H
942 _cBK
654 _acredit
245 _aEffective credit Management
260 _bMMC School Of Management
_aMumbai
_c1994
082 _a658.88
_bATT
300 _a336
546 _aENGLISH
999 _c25398
_d25398